| 000 | 00350nam a22001337a 4500 | ||
|---|---|---|---|
| 999 |
_c530058 _d530058 |
||
| 003 | NUST | ||
| 038 | _aMSOHAIL | ||
| 082 | _a0 | ||
| 100 |
_aPlanning of Development Department _923310 |
||
| 245 | _aDistrict Development Profile 2011: Musa Khail | ||
| 260 |
_aQuetta _bDept Govt of Balochistan _c2011 |
||
| 300 |
_a108,p; _c28cm _ep/b |
||
| 942 |
_2ddc _cBK |
||